01222nam a22003257a 4500003000400000005001700004008004100021040002200062082001300084100004000097245001300137260001700150300003200167366000800199490001200207505003000219505004100249505005400290505003200344505008600376505003100462505004700493505002800540505010400568650004100672650004700713650004300760650004700803650004600850OSt20230607095142.0221006b |||||||| |||| 00| 0 eng d cBiblioteca Lado V a800bQ7e aQuintanilla Armijo, Raúl eeditor aEstrago/ aMexicoc2007 c21x22cma100p.edos posters espa a4v2007 aBestiariorMartin Aguilar aSandino AgaintAlejandra Urdapilleta aExtraviados en el BurdelrRaul Quintanilla Armijo aAsuntos CaninostDavid Ocon aFenomenología y performances en la antigua arquitectura MayarJennifer Ahlfeldt aTambienrRodrigo Peñalba aV Bienal centroamericana de artes visuales aPoesía Mexicana Joven aLas artastTres dias sin remesas Contigo y con el orbe de luz Las Palomas Los señores de negro 2Tesauro de Arte & ArquitecturaaARTE 2Tesauro de Arte & ArquitecturaaLiteratura 2Tesauro de Arte & ArquitecturaaPOESIA 2Tesauro de Arte & ArquitecturaaNARRACION  2Tesauro de Arte & ArquitecturaaESPAÑOL